000 00745cam a2200241 4500
001 ABS62034
008 000000n2000 000 0 eng u
035 _a(Sirsi) u105064
110 _aMott Green and Wall
_93850
245 _aCost model - service installations
260 _c2000
490 _aBuilding
_v265(8129) 24 March 2000, 66-72(6)
520 _aExamines the specification, procurement and costs of a City office's building services.
590 _aABS
650 _aSustainability
_96271
650 _aBlock management
_96220
650 _aCOST MODELS
650 _aMANAGEMENT-BUSINESS MANAGEMENT-PROCUREMENT
650 _aOFFICE BUILDINGS
650 _aWHOLE LIFE COSTS
690 _aBlock management
_96220
942 _n0
999 _c63011
_d63011